000 004830000a22001930004500
001 003319
003 MACL
005 20151027112303.0
008 151027b xxu||||| |||| 00| 0 eng d
040 _aMACL
_cMACL
041 _aEnglish
082 _a923.6/CHA
100 _aChatterjee, Aroup
_916849
245 _aMother Teresa The Final Verdict
_cAroup Chatterjee
260 _aKolkata
_c2003
_bMeter Books,
350 _a295
650 _aBiography
_916850
942 _k924
_cBK
_2ddc
999 _c15223
_d15223